[Event "Druzynowe Mistrzostwa Polski - II Liga Seniorow"]
[Site "Ustron/Slaski Zwiazek Szachowy"]
[Date "2008.09.10"]
[Round "4.24"]
[White "Rzepecka, Dorota"]
[Black "Pokojska, Daria"]
[Result "0-1"]
[WhiteTitle "I++"]
[BlackTitle "m"]
[WhiteElo "1924"]
[BlackElo "2150"]

1. e4 c5 2. c3 Nf6 3. e5 Nd5 4. Nf3 Nc6 5. Bc4 Nb6 6. Bb3 g6 7. O-O Bg7 8. Qe2
O-O 9. d3 d5 10. exd6 Qxd6 11. h3 Bf5 12. Rd1 Rad8 13. Bc2 Nd5 14. Na3 a6 15.
Nc4 Qc7 16. d4 Bxc2 17. Qxc2 cxd4 18. cxd4 Ndb4 19. Qb3 b5 20. Ne3 a5 21. Nc2
a4 22. Qc3 Nxc2 23. Qxc2 Qd6 24. Be3 Rc8 25. Qe2 b4 26. Rac1 a3 27. b3 e6 28.
Rc2 Ne7 29. Rdc1 Rxc2 30. Rxc2 Nd5 31. Bd2 Rd8 32. Ne5 Bxe5 33. dxe5 Qb6 34.
Rc4 Nc3 35. Bxc3 bxc3 36. Rxc3 Qd4 37. Rc1 Qf4 38. Rc2 Rd5 39. g3 Qd4 40. Qc4
Qxe5 41. b4 Qe1+ 42. Kg2 h5 43. Re2 Qb1 44. Re3 Rd1 45. Rxa3 Rg1+ 46. Kf3 Qf5+
47. Qf4 Qd5+ 48. Qe4 Qd1+ 49. Kf4 Qd2+ 50. Kf3 Rf1 51. Qa8+ Kg7 52. Ke4 Rxf2
53. Qa7 Re2+ 54. Kf3 Re5 55. g4 Qe2+ 56. Kg3 h4+ 57. Kxh4 Qe1+ 0-1

[Event "Druzynowe Mistrzostwa Polski - II Liga Seniorow"]
[Site "Ustron/Slaski Zwiazek Szachowy"]
[Date "2008.09.10"]
[Round "4.25"]
[White "Walach, Marcin"]
[Black "Warszawski, Bartosz"]
[Result "1/2-1/2"]
[WhiteTitle "FM"]
[BlackTitle "m"]
[WhiteElo "2410"]
[BlackElo "2277"]

1. e4 c5 2. Nf3 e6 3. d4 cxd4 4. Nxd4 Nc6 5. Nc3 Qc7 6. Be3 a6 7. Qd2 Nf6 8.
O-O-O Bb4 9. f3 Ne5 10. Nb3 b5 11. Bd4 Be7 12. Qf2 O-O 13. Bb6 Qb8 14. Na5 Bb4
15. Na4 d6 16. Bd4 Qc7 17. Bb6 Qb8 18. Bd4 Qc7 19. Bb6 Qb8 1/2-1/2

[Event "Druzynowe Mistrzostwa Polski - II Liga Seniorow"]
[Site "Ustron/Slaski Zwiazek Szachowy"]
[Date "2008.09.10"]
[Round "4.26"]
[White "Kaim, Piotr"]
[Black "Kornasiewicz, Stanislaw"]
[Result "1/2-1/2"]
[WhiteTitle "k+"]
[BlackTitle "FM"]
[WhiteElo "2227"]
[BlackElo "2235"]

1. e4 e5 2. Nf3 Nc6 3. Bb5 a6 4. Ba4 d6 5. Bxc6+ bxc6 6. d4 f6 7. Be3 Ne7 8.
Nc3 Ng6 9. Qe2 Be7 10. O-O-O Be6 11. h4 h5 12. Nd2 Qc8 13. g3 a5 14. f4 Bg4 15.
Nf3 exf4 16. Bxf4 Nxf4 17. gxf4 O-O 18. f5 Re8 19. d5 cxd5 20. Nxd5 Bf8 21. Qc4
Kh8 22. Rd3 Rb8 23. Nf4 d5 24. Qxd5 Bd6 25. Ng6+ Kh7 26. e5 Qxf5 27. Nd4 Qxg6
28. exd6 cxd6 29. Qxd6 Rbd8 30. Qf4 Re4 31. Qf2 Qe8 32. a3 a4 33. Rd2 Qf7 34.
Kb1 Qb7 35. Rg1 Qf7 {Dalej zapisy nieczytelne} 1/2-1/2

[Event "Druzynowe Mistrzostwa Polski - II Liga Seniorow"]
[Site "Ustron/Slaski Zwiazek Szachowy"]
[Date "2008.09.10"]
[Round "4.27"]
[White "Michalczyk, Stanislaw"]
[Black "Chalupnik, Marcin"]
[Result "0-1"]
[WhiteTitle "k"]
[BlackTitle "k+"]
[WhiteElo "2094"]
[BlackElo "2244"]

1. e4 c5 2. c3 g6 3. d4 cxd4 4. cxd4 d5 5. e5 Bg7 6. Nc3 Nc6 7. Nf3 Bg4 8. Be2
Bxf3 9. Bxf3 e6 10. O-O Nge7 11. Bg5 h6 12. Be3 Nf5 13. Qd2 O-O 14. Bg4 Nxe3
15. fxe3 h5 16. Bf3 Bh6 17. Rfe1 Ne7 18. Qd3 Nf5 19. Rad1 Qb6 20. e4 dxe4 21.
Bxe4 Qxb2 22. Bxf5 gxf5 23. d5 Rac8 24. Ne2 Qxe5 25. dxe6 Qe3+ 26. Qxe3 Bxe3+
27. Kf1 fxe6 28. Ng3 f4 29. Nxh5 Rf5 30. g4 fxg3+ 31. Ke2 Rxh5 32. Kxe3 Re5+
33. Kf3 Rxe1 34. Rxe1 gxh2 35. Kg2 Kf7 0-1

[Event "Druzynowe Mistrzostwa Polski - II Liga Seniorow"]
[Site "Ustron/Slaski Zwiazek Szachowy"]
[Date "2008.09.10"]
[Round "4.28"]
[White "Rams, Michal"]
[Black "Zawierucha, Aleksander"]
[Result "1-0"]
[WhiteTitle "k"]
[BlackTitle "I++"]
[WhiteElo "2244"]
[BlackElo "2095"]

1. e4 Nf6 2. e5 Nd5 3. d4 d6 4. Nf3 Bg4 5. Be2 e6 6. c4 Nb6 7. exd6 cxd6 8. b3
Be7 9. Be3 O-O 10. Nc3 Nc6 11. O-O Re8 12. h3 Bh5 13. Rc1 Nd7 14. d5 exd5 15.
Nxd5 Nce5 16. Nxe5 Bxe2 17. Nxf7 Bxd1 18. Nxd8 Be2 19. Rfe1 Bxd8 20. Rxe2 Ne5
21. Rd2 b6 22. Nc3 Be7 23. Nb5 Red8 24. Rcd1 Nf7 25. Bf4 Rd7 26. Nxd6 1-0

[Event "Druzynowe Mistrzostwa Polski - II Liga Seniorow"]
[Site "Ustron/Slaski Zwiazek Szachowy"]
[Date "2008.09.10"]
[Round "4.29"]
[White "Waruga, Wojciech"]
[Black "Przybyla, Kamil"]
[Result "1-0"]
[WhiteTitle "I"]
[BlackTitle "I+"]
[WhiteElo "2017"]
[BlackElo "2134"]

1. e4 e5 2. Nc3 Nf6 3. Nf3 Nc6 4. Bb5 Nd4 5. Ba4 c6 6. O-O b5 7. Bb3 Nxb3 8.
axb3 d6 9. d4 Qc7 10. Qd3 Be7 11. Ne2 O-O 12. Ng3 Nxe4 13. Qxe4 f5 14. Qe2 f4
15. Ne4 d5 16. Nxe5 f3 17. gxf3 dxe4 18. fxe4 Bh3 19. Rd1 Bh4 20. f4 g5 21. Rd3
Bc8 22. f5 c5 23. c3 Bb7 24. Qg4 Kh8 25. Be3 Rae8 26. Rf1 Rxe5 27. dxe5 Qxe5
28. Bf2 Rg8 29. Re3 Qf4 30. Qe2 Qd6 31. Bg3 Bxg3 32. hxg3 Qf6 33. Qxb5 Ba6 34.
Qxc5 Bxf1 35. Kxf1 Rd8 36. Ke2 h5 37. Rd3 Rxd3 38. Kxd3 h4 39. g4 h3 40. Qc8+
Kg7 41. Qc7+ Kf8 42. Ke3 Qh6 43. Qb8+ Kf7 44. Qxa7+ Kf8 45. Qb8+ Kf7 46. Qc7+
Kf8 47. Qh2 Qb6+ 48. Kf3 Qd8 49. Qe2 Qd6 50. e5 Qd5+ 51. Kg3 Qh1 52. Qf3 Qe1+
53. Kxh3 Qxe5 54. Qa8+ Kg7 55. Qb7+ Kh6 56. Qc6+ Kh7 57. Qg6+ Kh8 58. Qh6+ Kg8
59. Qxg5+ 1-0

[Event "Druzynowe Mistrzostwa Polski - II Liga Seniorow"]
[Site "Ustron/Slaski Zwiazek Szachowy"]
[Date "2008.09.10"]
[Round "4.30"]
[White "Zajkowska, Olga"]
[Black "Gonsior, Monika"]
[Result "1-0"]
[WhiteTitle "I++"]
[BlackTitle "m"]
[WhiteElo "1887"]
[BlackElo "2131"]

1. d4 f5 2. g3 Nf6 3. Bg2 g6 4. Nh3 Bg7 5. c3 c6 6. Qb3 d5 7. Nd2 Nbd7 8. Nf4
Nf8 9. Nf3 Ne4 10. O-O h6 11. Ne5 Bxe5 12. dxe5 Qc7 13. Nd3 Be6 14. f3 Ng5 15.
Qa4 Nd7 16. h4 Nf7 17. Nf4 Qb6+ 18. Qd4 c5 19. Qd1 Qc6 20. Nxg6 Rg8 21. h5 Nf8
22. Nxf8 Rxf8 23. f4 O-O-O 24. Be3 Rg8 25. Bf2 b6 26. b4 c4 27. a4 Kb7 28. Qd4
Ra8 29. b5 Qd7 30. Qxc4 Rac8 31. Qd3 Rgd8 32. a5 Ra8 33. axb6 axb6 34. Qd4 Qc7
35. Rxa8 Kxa8 36. Ra1+ Kb8 37. Ra6 Bc8 38. Rxb6+ Bb7 1-0

[Event "Druzynowe Mistrzostwa Polski - II Liga Seniorow"]
[Site "Ustron/Slaski Zwiazek Szachowy"]
[Date "2008.09.10"]
[Round "4.31"]
[White "Grabowski, Pawel"]
[Black "Slabek, Grzegorz"]
[Result "1/2-1/2"]
[WhiteTitle "k"]
[BlackTitle "k"]
[WhiteElo "2296"]
[BlackElo "2160"]

1. d4 d5 2. c4 c6 3. Nc3 Nf6 4. Nf3 e6 5. g3 Be7 6. Bg2 O-O 7. O-O b6 8. Ne5
Bb7 9. cxd5 cxd5 10. Qd3 Nbd7 11. Bf4 Nxe5 12. Bxe5 Rc8 13. Rfc1 Qd7 14. a4 a6
15. Bf3 Rc4 16. b3 Rc6 17. h4 Rfc8 18. Kg2 Ne4 19. Na2 Rxc1 20. Rxc1 Rxc1 21.
Nxc1 Qc6 22. Bf4 b5 23. axb5 axb5 24. Qb1 b4 25. Qb2 Qb6 26. Nd3 Nc3 27. Qa1
Qa6 28. Qb2 Qa5 29. Qc2 Qa7 30. h5 h6 31. Be3 Qa1 1/2-1/2

[Event "Druzynowe Mistrzostwa Polski - II Liga Seniorow"]
[Site "Ustron/Slaski Zwiazek Szachowy"]
[Date "2008.09.10"]
[Round "4.32"]
[White "Gbyl, Andrzej"]
[Black "Stuczynski, Andrzej"]
[Result "1/2-1/2"]
[WhiteTitle "k"]
[BlackTitle "k+"]
[WhiteElo "2236"]
[BlackElo "2253"]

1. d4 Nf6 2. c4 c5 3. d5 e6 4. Nc3 exd5 5. cxd5 d6 6. e4 g6 7. f4 Bg7 8. Bb5+
Nfd7 9. a4 O-O 10. Nf3 a6 11. Be2 Re8 12. O-O Qc7 13. Kh1 b6 14. e5 dxe5 15. d6
Qd8 16. Nd5 e4 17. Ng5 h6 18. Ne7+ Rxe7 19. dxe7 Qxe7 20. Nxe4 Nf6 21. Nd6 Be6
22. f5 Bd5 23. Nc8 Qd8 24. Bf3 Nc6 25. Bxd5 Nxd5 26. fxg6 fxg6 27. Qg4 Rxc8 28.
Qxg6 Qe8 29. Qg3 Kh8 30. Qh3 h5 31. Bd2 Nce7 32. Rae1 Qg6 33. Bc3 Rc6 34. Bxg7+
Kxg7 35. Qd7 Rf6 1/2-1/2

[Event "Druzynowe Mistrzostwa Polski - II Liga Seniorow"]
[Site "Ustron/Slaski Zwiazek Szachowy"]
[Date "2008.09.10"]
[Round "4.33"]
[White "Zolnierowicz, Krzysztof"]
[Black "Zaskalski, Arkadiusz"]
[Result "0-1"]
[WhiteTitle "IM"]
[BlackTitle "k"]
[WhiteElo "2272"]
[BlackElo "2217"]

1. Nf3 c5 2. g3 Nc6 3. c4 g6 4. Bg2 Bg7 5. O-O Nf6 6. Nc3 d5 7. d4 dxc4 8. d5
Nb4 9. Ne5 Nfxd5 10. Qa4+ Kf8 11. Nxd5 Bxe5 12. Rd1 Nxd5 13. Rxd5 Bd6 14. Bh6+
Kg8 15. Qxc4 Be6 16. Qc3 f6 17. Rad1 Kf7 18. R5d3 Qb6 19. Re3 Rhd8 20. Rxe6
Kxe6 21. Bh3+ f5 22. e4 Be5 23. Qc4+ Kf6 24. Re1 Qb4 25. Qe2 Qxb2 26. Qf3 Qc3
27. Re3 Qd4 28. Kg2 e6 29. exf5 exf5 30. Qe2 Qd5+ 31. f3 Rd7 32. g4 Bd4 33. Re8
Rxe8 34. Qxe8 Qxa2+ 0-1

[Event "Druzynowe Mistrzostwa Polski - II Liga Seniorow"]
[Site "Ustron/Slaski Zwiazek Szachowy"]
[Date "2008.09.10"]
[Round "4.34"]
[White "Szromba, Krzysztof"]
[Black "Gawronski, Miroslaw"]
[Result "0-1"]
[WhiteTitle "k"]
[BlackTitle "k"]
[WhiteElo "2186"]
[BlackElo "2279"]

1. d4 d5 2. c4 dxc4 3. e4 b5 4. a4 Bb7 5. axb5 Bxe4 6. Nc3 Bb7 7. Nf3 Nf6 8.
Bxc4 e6 9. O-O Nbd7 10. Bxe6 fxe6 11. Ng5 Nb6 12. Nxe6 Qc8 13. Re1 Kf7 14. Qb3
Bd5 15. Nxd5 Nbxd5 16. Bg5 Qb7 17. Ra6 Bb4 18. Re5 Rhd8 19. Nxd8+ Rxd8 20. Bxf6
gxf6 21. Qf3 Qxb5 22. Qh5+ Kg8 23. Rxf6 Qd3 24. Qf7+ Kh8 25. h3 Rf8 26. Re8
Nxf6 27. Qxf6+ Kg8 28. Qe6+ Kg7 29. Qe5+ Rf6 30. Qxc7+ Kh6 31. Qe5 Qd1+ 32. Kh2
Bd6 0-1

[Event "Druzynowe Mistrzostwa Polski - II Liga Seniorow"]
[Site "Ustron/Slaski Zwiazek Szachowy"]
[Date "2008.09.10"]
[Round "4.35"]
[White "Paszek, Krzysztof"]
[Black "Wolak, Jacek"]
[Result "1-0"]
[WhiteTitle "I++"]
[BlackTitle "I"]
[WhiteElo "2126"]
[BlackElo "2093"]

1. e4 e6 2. d3 d5 3. Nd2 Nf6 4. Ngf3 c5 5. g3 Nc6 6. Bg2 Be7 7. O-O O-O 8. Re1
b5 9. e5 Nd7 10. Nf1 b4 11. h4 a5 12. N1h2 Ba6 13. Bf4 Nd4 14. Nxd4 cxd4 15.
Nf3 Qb6 16. Ng5 Rfc8 17. Rc1 a4 18. b3 axb3 19. axb3 Bb5 20. Qh5 Bxg5 21. Bxg5
Ra2 22. Re2 Rc3 23. Qg4 Qb8 24. Bh6 Qf8 25. Bg5 Kh8 26. Qxd4 Bxd3 27. Re3 Raxc2
28. Rxc2 Bxc2 29. Rxc3 bxc3 30. Qxc3 Bf5 31. Qc7 Nxe5 32. Be7 Qe8 33. Qxe5 1-0

[Event "Druzynowe Mistrzostwa Polski - II Liga Seniorow"]
[Site "Ustron/Slaski Zwiazek Szachowy"]
[Date "2008.09.10"]
[Round "4.36"]
[White "Kaminska, Paulina"]
[Black "Flazinska, Anna"]
[Result "1/2-1/2"]
[WhiteTitle "k"]
[BlackTitle "I+"]
[WhiteElo "1919"]
[BlackElo "1829"]

1. e4 c5 2. Nf3 d6 3. d4 cxd4 4. Nxd4 Nf6 5. Nc3 a6 6. Be2 e5 7. Nb3 Be6 8. Be3
Be7 9. O-O O-O 10. f4 Nbd7 11. f5 Bxb3 12. axb3 b5 13. Nd5 Nxd5 14. exd5 Bg5
15. Bf2 Nc5 16. Bxc5 dxc5 17. d6 Qb6 18. Qd5 Rad8 19. Rad1 Rd7 20. Qxe5 Bf6 21.
Qg3 Rfd8 22. Rfe1 h6 23. c4 Bd4+ 24. Kh1 Rxd6 25. Qf4 Qa5 26. Bf3 Bxb2 27. Qxd6
Qxe1+ 28. Rxe1 Rxd6 29. Re8+ Kh7 30. Bd5 bxc4 31. bxc4 Rf6 32. g4 g6 1/2-1/2

[Event "Druzynowe Mistrzostwa Polski - II Liga Seniorow"]
[Site "Ustron/Slaski Zwiazek Szachowy"]
[Date "2008.09.10"]
[Round "4.37"]
[White "Pinkas, Karol"]
[Black "Dobosz, Henryk"]
[Result "1-0"]
[WhiteTitle "IM"]
[BlackTitle "IM"]
[WhiteElo "2317"]
[BlackElo "2440"]

1. e4 c5 2. Nf3 g6 3. d4 Bg7 4. Nc3 Qa5 5. Be2 Nc6 6. Be3 d6 7. O-O Nf6 8. d5
Nb8 9. Nd2 a6 10. Nc4 Qc7 11. e5 Nfd7 12. exd6 exd6 13. Bf4 Ne5 14. Bxe5 Bxe5
15. Nxe5 dxe5 16. d6 Qb6 17. Qd5 O-O 18. Qxe5 Qxb2 19. Qxc5 Nd7 20. Qd4 Qxc2
21. Bg4 h5 22. Bxd7 Bxd7 23. Rac1 Qb2 24. Rb1 Qa3 25. Nd5 1-0

[Event "Druzynowe Mistrzostwa Polski - II Liga Seniorow"]
[Site "Ustron/Slaski Zwiazek Szachowy"]
[Date "2008.09.10"]
[Round "4.38"]
[White "Niemiec, Artur"]
[Black "Tokarski, Bartosz"]
[Result "1-0"]
[WhiteTitle "k"]
[BlackTitle "I++"]
[WhiteElo "2230"]
[BlackElo "2157"]

1. e4 c5 2. Nf3 d6 3. d4 cxd4 4. Nxd4 Nf6 5. Nc3 a6 6. Bc4 e6 7. Bb3 b5 8. Qf3
Qb6 9. Be3 Qb7 10. O-O-O Be7 11. Rhe1 O-O 12. Bg5 Nbd7 13. Kb1 Nc5 14. e5 dxe5
15. Nc6 e4 16. Nxe7+ Qxe7 17. Nxe4 Ncxe4 18. Qxe4 Bb7 19. Bxf6 gxf6 20. Qh4
Rfe8 21. Rd3 f5 22. Qh6 Kh8 23. Rh3 f6 24. Rxe6 Qg7 25. Qe3 Be4 26. Rg3 Qd7 27.
Rxe8+ Rxe8 28. a3 Rc8 29. Qb6 Rf8 30. Qxf6+ 1-0

[Event "Druzynowe Mistrzostwa Polski - II Liga Seniorow"]
[Site "Ustron/Slaski Zwiazek Szachowy"]
[Date "2008.09.10"]
[Round "4.39"]
[White "Zowada, Kazimierz"]
[Black "Komorzycki, Jakub"]
[Result "1-0"]
[WhiteTitle "k"]
[BlackTitle "k"]
[WhiteElo "2196"]
[BlackElo "2139"]

1. d4 Nf6 2. Nf3 b6 3. c4 Bb7 4. Nc3 g6 5. Qc2 Bg7 6. e4 O-O 7. Be2 d6 8. O-O
c5 9. d5 e6 10. Bg5 h6 11. Bh4 g5 12. Bg3 Nh5 13. dxe6 fxe6 14. Rad1 Nxg3 15.
hxg3 Nc6 16. Nb5 g4 17. Nh4 Nd4 18. Nxd4 Bxd4 19. Bxg4 Qf6 20. Rd2 d5 21. exd5
exd5 22. Nf3 Rad8 23. Nxd4 cxd4 24. Bf3 Kh8 25. Rfd1 Rc8 26. Rxd4 b5 27. c5 1-0

[Event "Druzynowe Mistrzostwa Polski - II Liga Seniorow"]
[Site "Ustron/Slaski Zwiazek Szachowy"]
[Date "2008.09.10"]
[Round "4.40"]
[White "Moniszka, Krzysztof"]
[Black "Guzik, Jolanta"]
[Result "1/2-1/2"]
[WhiteTitle "I+"]
[BlackTitle "WFM"]
[WhiteElo "2097"]
[BlackElo "2095"]

1. e4 e5 2. Nf3 Nc6 3. Bc4 Bc5 4. b4 Bxb4 5. c3 Ba5 6. d4 exd4 7. O-O Nf6 8. e5
d5 9. Bb5 Ne4 10. Nxd4 Bd7 11. Bxc6 bxc6 12. Qh5 O-O 13. f4 Qe7 14. Rf3 Bb6 15.
Ba3 c5 16. c4 f6 17. cxd5 fxe5 18. Ne6 Bxe6 19. Qxe5 Rfe8 20. Qxe4 Bg4 21. Qxe7
Rxe7 22. Rg3 c4+ 23. Kf1 Be2+ 24. Ke1 Ree8 25. Bb2 Ba5+ 26. Kf2 Bb6+ 27. Ke1
Ba5+ 28. Kf2 1/2-1/2

[Event "Druzynowe Mistrzostwa Polski - II Liga Seniorow"]
[Site "Ustron/Slaski Zwiazek Szachowy"]
[Date "2008.09.10"]
[Round "4.41"]
[White "Siedlinski, Piotr"]
[Black "Jonczyk, Krzysztof"]
[Result "1/2-1/2"]
[WhiteTitle "II+"]
[BlackTitle "I"]
[WhiteElo "1853"]
[BlackElo "2049"]

1. e4 c6 2. d4 d5 3. Nd2 dxe4 4. Nxe4 Bf5 5. Ng3 Bg6 6. Bc4 e6 7. N1e2 Bd6 8.
Bf4 Nf6 9. Qd2 Nd5 10. Bxd6 Qxd6 11. Bxd5 cxd5 12. O-O Nc6 13. f4 Ne7 14. Rae1
O-O 15. Kh1 Rfc8 16. c3 b5 17. Ng1 b4 18. Nf3 bxc3 19. bxc3 Qa3 20. Rc1 Rab8
21. Rf2 Rb7 22. Ne5 Bf5 23. Nxf5 Nxf5 24. Nd3 Nd6 25. Qe1 Ne4 26. Rfc2 Rbc7 27.
Nf2 Rxc3 28. Rxc3 Rxc3 29. Nd3 g6 30. Rxc3 Qxc3 31. Qxc3 Nxc3 32. Nc1 Kf8 33.
g3 Ke7 34. Kg2 Kd6 35. Kf3 f6 36. Ke3 e5 37. fxe5+ fxe5 38. dxe5+ Kxe5 39. Nd3+
Kd6 40. a3 Na4 41. Kd4 Nb6 42. Ne5 Ke6 43. Nc6 Nc4 44. a4 a5 45. h3 Kd6 46. Nd8
Kd7 47. Nb7 Kc7 48. Nc5 Nb6 49. Nb3 Nxa4 50. Nxa5 Kd6 51. Nb7+ Ke6 52. Nd8+ Ke7
53. Nb7 Kf6 54. Kxd5 Nc3+ 55. Kd4 Ne2+ 56. Ke3 Nxg3 57. Kf3 Nf5 58. Kf4 h5 59.
Nc5 g5+ 60. Kf3 Nd6 61. Nd3 Kf5 62. Nf2 Nc4 63. Nd3 Nd2+ 64. Ke3 Nc4+ 65. Kf3
Nd2+ 66. Ke3 Nf1+ 67. Kf3 Nd2+ 68. Ke3 Ne4 69. Kf3 Nd2+ 70. Ke3 Nc4+ 71. Kf3
Ne5+ 72. Nxe5 Kxe5 73. Ke3 Kd5 74. Kd3 Ke5 75. Ke3 Kf5 76. Kf3 h4 77. Ke3
1/2-1/2

[Event "Druzynowe Mistrzostwa Polski - II Liga Seniorow"]
[Site "Ustron/Slaski Zwiazek Szachowy"]
[Date "2008.09.10"]
[Round "4.42"]
[White "Maka-polkowska, Magdalena"]
[Black "Labedz, Patrycja"]
[Result "1/2-1/2"]
[WhiteTitle "k"]
[BlackTitle "I++"]
[WhiteElo "2056"]
[BlackElo "1949"]

1. e4 c6 2. d4 d5 3. Nc3 dxe4 4. Nxe4 Bf5 5. Ng3 Bg6 6. h4 h6 7. Nf3 Nd7 8. h5
Bh7 9. Bd3 Bxd3 10. Qxd3 e6 11. Bf4 Qa5+ 12. Bd2 Qc7 13. O-O-O Ngf6 14. Ne4
Nxe4 15. Qxe4 O-O-O 16. g3 c5 17. Qe2 Nf6 18. Rh4 Rd5 19. Bf4 Qa5 20. Ne5 Qxa2
21. c4 Qa1+ 22. Kc2 Qa4+ 23. Kb1 Rxd4 24. Rxd4 cxd4 25. Nxf7 Rg8 26. Qxe6+ Qd7
27. Qxd7+ Kxd7 28. Kc2 Bc5 29. Ne5+ Ke6 30. Nd3 Be7 31. Be5 Rc8 32. Bxd4 Rxc4+
33. Kb3 b5 34. Bxf6 Kxf6 35. Rxc4 bxc4+ 36. Kxc4 Kg5 37. Nf4 Bf6 38. b4 Be5 39.
Kb5 Bxf4 40. gxf4+ Kxh5 41. Ka6 Kg6 1/2-1/2

[Event "Druzynowe Mistrzostwa Polski - II Liga Seniorow"]
[Site "Ustron/Slaski Zwiazek Szachowy"]
[Date "2008.09.10"]
[Round "4.44"]
[White "Sygulski, Boguslaw"]
[Black "Kuziola, Mateusz"]
[Result "1/2-1/2"]
[WhiteTitle "IM"]
[BlackTitle "k++"]
[WhiteElo "2242"]
[BlackElo "2309"]

1. e4 c5 2. Nf3 Nc6 3. d4 cxd4 4. Nxd4 Nf6 5. Nc3 e5 6. Ndb5 d6 7. Bg5 a6 8.
Na3 b5 9. Bxf6 gxf6 10. Nd5 f5 11. c3 Bg7 12. exf5 Bxf5 13. Nc2 O-O 14. Nce3
Be6 15. Bd3 f5 16. O-O Ra7 17. a4 1/2-1/2

[Event "Druzynowe Mistrzostwa Polski - II Liga Seniorow"]
[Site "Ustron/Slaski Zwiazek Szachowy"]
[Date "2008.09.10"]
[Round "4.46"]
[White "Czarnecki, Wojciech"]
[Black "Seifert, Henryk"]
[Result "0-1"]
[WhiteTitle "I"]
[BlackTitle "FM"]
[WhiteElo "2056"]
[BlackElo "2235"]

1. c4 c6 2. e4 d5 3. cxd5 cxd5 4. exd5 Nf6 5. Nc3 Nxd5 6. Nf3 Nc6 7. d4 e6 8.
Bc4 Be7 9. O-O O-O 10. a3 Nxc3 11. bxc3 b6 12. Bf4 Bb7 13. Re1 Bd6 14. Bxd6
Qxd6 15. Ng5 h6 16. Rxe6 Qd8 17. Rg6 hxg5 18. Qh5 Ne7 19. Rxg5 Rc8 20. Ba2 Rxc3
21. Rg4 Qc8 22. Qg5 Nf5 23. h4 Qd8 24. Qg6 Bc8 25. Rg5 Qxd4 26. Rh5 Nh6 27.
Rxh6 Bf5 28. Qd6 Qxd6 29. Rxd6 Rfc8 30. f3 Kf8 31. g4 Ke7 32. Rd2 Be6 33. Re1
Rxf3 34. Rde2 Kf8 35. Bxe6 fxe6 36. Kg2 Rxa3 37. Rxe6 Rac3 38. Rf1+ Kg8 39. Re7
R8c7 40. Rff7 Rxe7 41. Rxe7 a5 42. Rb7 Rc6 43. Ra7 Kh7 44. Kg3 Kg6 45. h5+ Kf6
46. Kh4 Rc4 47. Rb7 Rb4 48. Rc7 a4 49. Rc6+ Kf7 50. Rc7+ Kg8 51. Kg5 Kh7 52.
Ra7 Rb5+ 53. Kf4 Ra5 54. Rb7 a3 55. g5 a2 56. Rb8 Rxg5 57. Ra8 Ra5 0-1

[Event "Druzynowe Mistrzostwa Polski - II Liga Seniorow"]
[Site "Ustron/Slaski Zwiazek Szachowy"]
[Date "2008.09.10"]
[Round "4.47"]
[White "Milanowski, Jan"]
[Black "Markiewicz, Mateusz"]
[Result "1-0"]
[WhiteTitle "I++"]
[BlackTitle "I++"]
[WhiteElo "2080"]
[BlackElo "2013"]

1. d4 f5 2. Nf3 Nf6 3. Bf4 g6 4. h3 d6 5. c3 Bg7 6. Nbd2 h6 7. e3 O-O 8. Be2
Kh7 9. O-O Nbd7 10. Bh2 Qe8 11. a4 c6 12. a5 e5 13. Nc4 Ne4 14. Nfd2 Nxd2 15.
Qxd2 d5 16. Nd6 Qe6 17. Nxc8 Raxc8 18. b4 Rf7 19. Rfe1 b5 20. axb6 Nxb6 21. Ra6
Rcc7 22. Rea1 g5 23. dxe5 Bxe5 24. Bxe5 Qxe5 25. Qd4 Qg7 26. Bd3 Kh8 27. R1a2
f4 28. Rxb6 1-0

[Event "Druzynowe Mistrzostwa Polski - II Liga Seniorow"]
[Site "Ustron/Slaski Zwiazek Szachowy"]
[Date "2008.09.10"]
[Round "4.48"]
[White "Jalowiec, Halina"]
[Black "Wesolowska, Hanna"]
[Result "1/2-1/2"]
[WhiteTitle "WFM"]
[BlackTitle "WFM"]
[WhiteElo "2073"]
[BlackElo "2054"]

1. e4 e5 2. Nf3 Nf6 3. Nxe5 d6 4. Nf3 Nxe4 5. d4 d5 6. Bd3 Be7 7. O-O O-O 8. c4
c6 9. Nc3 Nxc3 10. bxc3 dxc4 11. Bxc4 Bg4 12. Re1 Nd7 13. h3 1/2-1/2

[Event "Druzynowe Mistrzostwa Polski - II Liga Seniorow"]
[Site "Ustron/Slaski Zwiazek Szachowy"]
[Date "2008.09.10"]
[Round "4.49"]
[White "Kujawski, Ryszard"]
[Black "Moskwinski, Tadeusz"]
[Result "1-0"]
[WhiteTitle "k"]
[BlackTitle "k"]
[WhiteElo "2147"]
[BlackElo "2161"]

1. c4 c6 2. e4 e5 3. Nf3 Qc7 4. Nc3 Nf6 5. a3 a5 6. Be2 Be7 7. O-O O-O 8. d4 d6
9. h3 Re8 10. Re1 Bf8 11. Bf1 Nbd7 12. Bg5 h6 13. Bh4 Nh5 14. Qd2 g6 15. d5 Nc5
16. Rad1 a4 17. Kh2 Kh7 18. Ng1 f5 19. exf5 gxf5 20. Bd3 Qf7 21. Bc2 Nf4 22.
Bg3 Ng6 23. f3 Be7 24. Nge2 Rg8 25. Bf2 Bg5 26. Be3 Nh4 27. Ng3 Kh8 28. f4 Be7
29. fxe5 dxe5 30. Bxc5 Bxc5 31. Qxh6+ Qh7 32. Qf6+ Rg7 33. Rxe5 Bd7 34. dxc6
Bxc6 35. Rxc5 Bxg2 36. Rd8+ Rxd8 37. Qxd8+ Rg8 38. Qf6+ 1-0

[Event "Druzynowe Mistrzostwa Polski - II Liga Seniorow"]
[Site "Ustron/Slaski Zwiazek Szachowy"]
[Date "2008.09.10"]
[Round "4.50"]
[White "Pazderski, Ziemowit"]
[Black "Bardeli, Lukasz"]
[Result "0-1"]
[WhiteTitle "k"]
[BlackTitle "FM"]
[WhiteElo "2197"]
[BlackElo "2317"]

1. d4 d5 2. Nf3 Nf6 3. Bf4 g6 4. e3 Bg7 5. h3 O-O 6. Bd3 c5 7. c3 Qb6 8. Qb3 c4
9. Qxb6 axb6 10. Bc2 Nc6 11. Na3 Bd7 12. O-O Rfc8 13. Rfe1 Ra5 14. Ne5 Be8 15.
e4 b5 16. exd5 Nxd5 17. Bh2 Nxe5 18. Bxe5 b4 19. cxb4 Nxb4 20. Bxg7 Kxg7 21.
Be4 b5 22. Nc2 Nxc2 23. Bxc2 e6 24. a3 Rd8 25. Red1 Ra6 26. Rd2 Rad6 27. Rad1
e5 28. d5 f5 29. Kf1 Bf7 30. g4 Kf6 31. gxf5 gxf5 32. f4 e4 33. Kf2 Bh5 34. Rg1
Rxd5 35. Rxd5 Rxd5 36. Ke3 Rd8 37. Rg5 Bd1 38. Bxe4 fxe4 39. Rxb5 Rd3+ 40. Kf2
e3+ 41. Kg1 Bf3 42. Re5 Rd1+ 0-1

[Event "Druzynowe Mistrzostwa Polski - II Liga Seniorow"]
[Site "Ustron/Slaski Zwiazek Szachowy"]
[Date "2008.09.10"]
[Round "4.51"]
[White "Sobczak, Miroslaw"]
[Black "Krasiewicz, Robert"]
[Result "0-1"]
[WhiteTitle "I++"]
[BlackTitle "I++"]
[WhiteElo "2043"]
[BlackElo "2136"]

1. e4 d5 2. exd5 Qxd5 3. Nc3 Qd6 4. Bc4 Nf6 5. d3 a6 6. Nge2 b5 7. Bb3 Bb7 8.
f3 Nbd7 9. Bf4 Qb6 10. Qd2 e6 11. Be3 c5 12. O-O Qc6 13. a4 Bd6 14. axb5 axb5
15. Rxa8+ Bxa8 16. Bf4 Be7 17. Ra1 O-O 18. Kh1 Nb6 19. Ra7 Bd8 20. Qc1 Nfd5 21.
Bg3 Nxc3 22. Nxc3 c4 23. dxc4 bxc4 24. Ba4 Nxa4 25. Rxa4 Bf6 26. Ra3 Bd4 27.
Qe1 Qxf3 28. Qe2 Qxe2 29. Nxe2 Bxb2 30. Ra4 Bd5 31. c3 Ra8 32. Rb4 Ba3 33. Rb8+
Rxb8 34. Bxb8 Be4 35. Bf4 Bc5 36. Be5 Bd3 37. Nd4 Be4 38. h3 Bb6 39. Bd6 Ba5
40. Bb4 Bxb4 41. cxb4 c3 42. Kg1 c2 43. Ne2 Kf8 44. Kf2 Ke7 45. g3 h5 46. h4
Bd3 47. Nc1 Bf5 48. Ke3 Kd6 49. Kd4 Kc6 50. Kc4 e5 51. Ne2 f6 52. Nc1 Be4 53.
Ne2 g5 54. Kb3 g4 55. Kb2 f5 56. Kc1 Kb5 0-1

[Event "Druzynowe Mistrzostwa Polski - II Liga Seniorow"]
[Site "Ustron/Slaski Zwiazek Szachowy"]
[Date "2008.09.10"]
[Round "4.52"]
[White "Maciaga, Marcin"]
[Black "Jedrzejewski, Kamil"]
[Result "1-0"]
[WhiteTitle "k+"]
[BlackTitle "I"]
[WhiteElo "2180"]
[BlackElo "1961"]

1. e4 e6 2. d4 d5 3. exd5 exd5 4. Nf3 Bd6 5. c4 dxc4 6. Bxc4 Nf6 7. O-O O-O 8.
Nc3 Bf5 9. Bg5 Nbd7 10. Re1 h6 11. Bh4 Be7 12. Ne5 Nb6 13. Bb3 c6 14. Qf3 Bh7
15. Rad1 g5 16. Bg3 Nfd5 17. Qh5 Bf6 18. Qxh6 Bg7 19. Qh5 f5 20. Nf3 Bf6 21.
Be5 g4 22. Bxf6 Qxf6 23. Ne5 Kh8 24. Bxd5 cxd5 25. f3 Rg8 26. fxg4 Raf8 27.
gxf5 Rg5 28. Qe2 Bxf5 29. Nf3 Rxg2+ 30. Kxg2 Qg6+ 31. Kh1 Bg4 32. Ne5 1-0

[Event "Druzynowe Mistrzostwa Polski - II Liga Seniorow"]
[Site "Ustron/Slaski Zwiazek Szachowy"]
[Date "2008.09.10"]
[Round "4.53"]
[White "Wisniewski, Emil"]
[Black "Sliwinski, Marcin"]
[Result "0-1"]
[WhiteTitle "I"]
[BlackTitle "k"]
[WhiteElo "1864"]
[BlackElo "2127"]

1. e4 c5 2. Nc3 Nc6 3. f4 e6 4. Nf3 d5 5. d3 dxe4 6. Nxe4 Nf6 7. Bd2 Be7 8. Be2
b6 9. O-O O-O 10. Bc3 Bb7 11. Nfd2 Nd5 12. f5 Ne3 13. Qc1 Nxf1 14. Qxf1 exf5
15. Ng3 g6 16. Nxf5 gxf5 17. Qxf5 Nd4 18. Qf2 Bh4 0-1